MARC

LEADER 00000nam0a2200000 4500
001 260869
005 20231031221321.0
010 |a 5288002843 
035 |a (RuTPU)RU\TPU\book\283839 
090 |a 260869 
100 |a 20140519d1988 k y0rusy50 ca 
101 0 |a rus 
102 |a RU 
105 |a a z 001zy 
200 1 |a Топологический анализ интегрируемых задач динамики твердого тела  |e [монография]  |f М. П. Харламов  |g Ленинградский государственный университет (ЛГУ) 
210 |a Ленинград  |c Изд-во Ленинградского ун-та  |d 1988 
215 |a 200 с.  |c ил. 
320 |a Библиогр.: с. 193-196. 
606 1 |a Твердые тела  |x Динамика  |2 stltpush  |3 (RuTPU)RU\TPU\subj\58648 
610 1 |a гироскопические системы 
610 1 |a симметрия 
610 1 |a движение 
610 1 |a потенциальные силы 
610 1 |a гироскопические силы 
610 1 |a интегрируемые системы 
610 1 |a топологический анализ 
610 1 |a фазовая топология 
675 |a 531.36  |v 3 
700 1 |a Харламов  |b М. П.  |g Михаил Павлович 
712 0 2 |a Ленинградский государственный университет (ЛГУ)  |c (1924-1991)  |2 stltpush  |3 (RuTPU)RU\TPU\col\77 
801 1 |a RU  |b 63413507  |c 20140519 
801 2 |a RU  |b 63413507  |c 20150326  |g RCR 
942 |c BK